00325nam a2200121Ia 4500008004100000041000800041082001600049100002000065245004400085260003300129300003000162365001100192240624s9999 xx 000 0 und d aeng a658.155 VED aVEDPURISWAR A V aENTERPRISE RISK MANAGEMENT CONCEPTS AND c2005aHyderabadbICFAI press avi, : 205 : p. : cm. ; 23 cRSb50